000 00295nam a22001337a 4500
008 170918b xxu||||| |||| 00| 0 eng d
020 _a9780195779400
041 _aeng
080 _a7
100 _a44
101 _aART
245 _aINDUS VALLEY CIVILIZARION
_cKENOYER, J.M
942 _2udc
_cBK
999 _c27989
_d27989